| Tag |
First Indicator |
Second Indicator |
Subfields |
| LEADER |
00000cam a2200000 i 4500 |
| 001 |
in00000603621 |
| 005 |
20151014161729.0 |
| 008 |
751009s1975 paua 00110 eng |
| 010 |
|
|
|a 75013013
|
| 020 |
|
|
|a 0830657800 :
|c $8.95.
|
| 020 |
|
|
|a 0830647805 (pbk.)
|
| 035 |
|
|
|a (OCoLC)01818149
|
| 035 |
|
|
|9 ACS1064AM
|
| 040 |
|
|
|a DLC
|c DLC
|d TXA
|d UtOrBLW
|
| 049 |
|
|
|a TXAM
|c [1553508]
|
| 050 |
0 |
0 |
|a TK7876
|b .T8
|
| 082 |
0 |
|
|a 621.381/73
|
| 100 |
1 |
|
|a Tuite, Don.
|
| 245 |
1 |
0 |
|a 111 digital & linear IC projects /
|c by Don Tuite.
|
| 250 |
|
|
|a 1st ed.
|
| 264 |
|
1 |
|a Blue Ridge Summit, Pa. :
|b G/L Tab Books,
|c [1975]
|
| 264 |
|
4 |
|c ©1975
|
| 300 |
|
|
|a 210 pages :
|b diagrams ;
|c 22 cm.
|
| 336 |
|
|
|a text
|b txt
|2 rdacontent
|
| 337 |
|
|
|a unmediated
|b n
|2 rdamedia
|
| 338 |
|
|
|a volume
|b nc
|2 rdacarrier
|
| 500 |
|
|
|a Includes index.
|
| 650 |
|
0 |
|a Integrated circuits.
|
| 650 |
|
0 |
|a Electronic apparatus and appliances.
|
| 999 |
|
|
|a MARS
|
| 999 |
f |
f |
|s 82c161b8-4633-35f9-90e4-4fa1105fa2b9
|i c192f981-95f6-38d5-803e-0cfb34b61eff
|t 0
|
| 952 |
f |
f |
|p ric
|a Texas A&M University
|b Rellis Campus
|c Joint Library Facility
|d Remote Storage
|t 0
|e TK7876 .T8
|h Library of Congress classification
|i unmediated -- volume
|m A14805508678
|
| 998 |
f |
f |
|a TK7876 .T8
|t 0
|l Remote Storage
|